भारत विभाजन की कहानी/ (Record no. 203884)

MARC details
000 -LEADER
fixed length control field 00866nam a22001937a 4500
005 - DATE AND TIME OF LATEST TRANSACTION
control field 20240703114359.0
010 ## - LCCN (DPL NO)
LC control number HIN-127908
020 ## - INTERNATIONAL STANDARD BOOK NUMBER
Terms of availability 525.00
International Standard Book Number 9789354092275
035 ## - SYSTEM CONTROL NUMBER
System control number HN-100254
037 ## - SOURCE OF ACQUISITION
Source of stock number/acquisition DBAD
082 ## - DEWEY DECIMAL CLASSIFICATION NUMBER
Classification number 954
100 ## - MAIN ENTRY--PERSONAL NAME
Personal name तंवर, रघुवेन्द्र
245 ## - TITLE STATEMENT
Title भारत विभाजन की कहानी/
Statement of responsibility, etc राघुवेंद्र तंवर
260 ## - PUBLICATION, DISTRIBUTION, ETC. (IMPRINT)
Place of publication, distribution, etc नई दिल्ली
Name of publisher, distributor, etc सुचना और प्रसारण मंत्रालय भारत सरकार
Date of publication, distribution, etc 2021
270 ## - ADDRESS
Address सुचना भवन, सी. जी. ओ. काम्प्लेक्स, लोधी रोड,
City नई दिल्ली
Postal code 110003
300 ## - PHYSICAL DESCRIPTION
Extent 236 पृ.
Dimensions 29 सेमी. (सजिल्द)
700 ## - ADDED ENTRY--PERSONAL NAME
9 (RLIN) 67976
942 ## - ADDED ENTRY ELEMENTS (KOHA)
Source of classification or shelving scheme Dewey Decimal Classification
Item type Hindi Books
Classification part 954
Call number suffix तंवर
Holdings
Withdrawn status Lost status Not for loan Collection code Home library Current library Date acquired Source of acquisition Cost, normal purchase price Full call number Barcode Copy number Cost, replacement price Koha item type
      Non-fiction Central Jail Tihar Central Jail Tihar 03/07/2024 DBAD 525.00 954 तंवर HN-100254 1 525.00 Hindi Books

© Delhi Public Library
Hit Counter
free hit counter